[Event "Madrid-ch Seniors 50"]
[Site "Madrid"]
[Date "2022.04.05"]
[Round "7"]
[White "De Paz Nistal, Santiago"]
[Black "Martin Rodriguez, Emilio"]
[Result "1/2-1/2"]
[WhiteElo "1873"]
[BlackElo "2032"]
[PlyCount "104"]
[EventDate "2022.03.28"]
[EventType "swiss"]
[EventRounds "9"]
[EventCountry "ESP"]
[SourceTitle "EXT 2023"]
[Source "ChessBase"]
[SourceDate "2022.10.05"]
[SourceVersion "1"]
[SourceVersionDate "2022.10.05"]
[SourceQuality "1"]

1. e4 c6 2. d4 d5 3. Nd2 dxe4 4. Nxe4 Nd7 5. Bd3 Ngf6 6. Nf3 Nxe4 7. Bxe4 Nf6 8. Bd3 Bg4 9. c3 e6 10. 0-0 Be7 11. Re1 0-0 12. Be2 Qc7 13. Ne5 Bxe2 14. Qxe2 Bd6 15. Bf4 Rfe8 16. Bg3 b5 17. Qf3 Rac8 18. Re2 c5 19. dxc5 Qxc5 20. Rae1 Qd5 21. Qxd5 Nxd5 22. Nd3 Bxg3 23. hxg3 Red8 24. Ne5 Nb6 25. f4 Kf8 26. Kf2 Rd6 27. g4 Rcd8 28. g5 a6 29. g3 Na4 30. Nf3 Nc5 31. Rh1 Kg8 32. a3 g6 33. Nd4 Na4 34. Kf3 Nb6 35. Reh2 Kf8 36. Rxh7 Nc4 37. Rh8+ Ke7 38. Rxd8 Kxd8 39. Rh2 e5 40. Nb3 Ke7 41. Re2 Rd3+ 42. Kf2 Kd6 43. fxe5+ Nxe5 44. Nd4 Ng4+ 45. Kg2 Ne3+ 46. Kf2 Nc4 47. Nf3 Rd1 48. Rc2 Rb1 49. Nd2 Nxd2 50. Rxd2+ Ke5 51. Kf3 Rf1+ 52. Ke3 Ke6 1/2-1/2

[Event "De los Reyes op 21st"]
[Site "De los Reyes"]
[Date "2019.12.03"]
[Round "4"]
[White "Torres Bosch, Jose Francisco"]
[Black "Martin Rodriguez, Emilio"]
[Result "1-0"]
[WhiteElo "2154"]
[BlackElo "2053"]
[PlyCount "65"]
[EventDate "2019.11.30"]
[EventType "swiss"]
[EventRounds "9"]
[EventCountry "ESP"]
[SourceTitle "CBM 193 Extra"]
[Source "ChessBase"]
[SourceDate "2020.01.31"]
[SourceVersion "1"]
[SourceVersionDate "2020.01.31"]
[SourceQuality "1"]

1. e4 c6 2. d4 d5 3. Nd2 g6 4. Ngf3 Bg4 5. h3 Bxf3 6. Qxf3 Bg7 7. c3 Nf6 8. e5 Nfd7 9. h4 e6 10. h5 Rg8 11. Qh3 Nf8 12. Bd3 c5 13. Nf3 cxd4 14. cxd4 Nc6 15. 0-0 Qb6 16. Bg5 Nb4 17. Be2 h6 18. Bd2 0-0-0 19. Rfc1+ Kb8 20. Rc5 Nc6 21. Rac1 g5 22. Rb5 Qc7 23. Ne1 Qd7 24. Qe3 Ka8 25. Rbc5 f6 26. Bb5 Rc8 27. Nd3 fxe5 28. Nb4 exd4 29. Qa3 Be5 30. Nxc6 bxc6 31. Rxc6 Rb8 32. Rc7 Qxc7 33. Rxc7 1-0

[Event "San Sebastian de los Reyes op 20th"]
[Site "San Sebastian"]
[Date "2018.12.08"]
[Round "8"]
[White "Martin Rodriguez, Emilio"]
[Black "Perez Gonzalez, Jose Manuel"]
[Result "0-1"]
[WhiteElo "1994"]
[BlackElo "2221"]
[PlyCount "94"]
[EventDate "2018.12.01"]
[EventType "swiss"]
[EventRounds "9"]
[EventCountry "ESP"]
[SourceTitle "CBM 187 Extra"]
[Source "ChessBase"]
[SourceDate "2018.11.04"]
[SourceVersion "1"]
[SourceVersionDate "2018.11.04"]
[SourceQuality "1"]

1. d4 Nf6 2. Bf4 g6 3. e3 Bg7 4. h3 0-0 5. Nd2 d6 6. Ngf3 Nbd7 7. Be2 Qe8 8. Bh2 e5 9. dxe5 Nxe5 10. Nxe5 dxe5 11. c3 Bf5 12. Qb3 Ne4 13. Nxe4 Bxe4 14. 0-0 Qe7 15. Qa4 Bc6 16. Bb5 Bxb5 17. Qxb5 c6 18. Qc4 Rad8 19. Rad1 Rxd1 20. Rxd1 Rd8 21. Qe2 e4 22. Bg3 h5 23. Bh2 a6 24. a3 b5 25. Rd2 Kf8 26. Qd1 Rxd2 27. Qxd2 Ke8 28. Kf1 Qd7 29. Ke2 Qxd2+ 30. Kxd2 Kd7 31. b3 Ke6 32. Bc7 Bf8 33. a4 bxa4 34. bxa4 Kd5 35. Kc2 Kc4 36. Be5 Be7 37. Bg7 f6 38. Bh6 f5 39. Bg7 Bh4 40. g3 Be7 41. h4 g5 42. hxg5 Bxg5 43. Bf8 h4 44. gxh4 Bxh4 45. Ba3 Bxf2 46. Bc1 f4 47. exf4 e3 0-1

[Event "San Sebastian de los Reyes op 20th"]
[Site "San Sebastian"]
[Date "2018.12.04"]
[Round "4"]
[White "Martin Rodriguez, Emilio"]
[Black "Cabanas Bravo, Juan Andres"]
[Result "1-0"]
[WhiteElo "1994"]
[BlackElo "1963"]
[PlyCount "57"]
[EventDate "2018.12.01"]
[EventType "swiss"]
[EventRounds "9"]
[EventCountry "ESP"]
[SourceTitle "CBM 187 Extra"]
[Source "ChessBase"]
[SourceDate "2018.11.04"]
[SourceVersion "1"]
[SourceVersionDate "2018.11.04"]
[SourceQuality "1"]

1. d4 Nf6 2. Nf3 g6 3. Bg5 Ne4 4. Bf4 d5 5. Nfd2 Bg7 6. c3 Nf6 7. h3 0-0 8. e3 Nbd7 9. Be2 c5 10. 0-0 a5 11. a4 Qb6 12. Ra3 Qxb2 13. Rb3 Qa2 14. Qc1 Qxa4 15. Bb5 Qxb3 16. Nxb3 c4 17. N3d2 Ne4 18. Nxe4 dxe4 19. Nd2 e5 20. Bg3 f5 21. Nxc4 f4 22. Bh4 exd4 23. cxd4 fxe3 24. fxe3 Nf6 25. Nb6 Bf5 26. Nxa8 Rxa8 27. Bxf6 Bxf6 28. g4 Rc8 29. Qa3 1-0